| 000 | 01505nam0a22002651 4500 | ||
|---|---|---|---|
| 001 | rc\633668 | ||
| 005 | 20031121164500.9 | ||
| 035 | _a(NLR Aleph) 005875631 | ||
| 090 |
_a6024682 _c6024682 |
||
| 100 | _a20031121d1986 u |0rusy50 ca | ||
| 101 | 0 | _arus | |
| 102 | _aRU | ||
| 105 | _ay ||||||||| | ||
| 200 | 1 |
_aМЕТОДИЧЕСКИЕ рекомендации по определению антител к вирусному антигену у больных с приобретенным иммунодефицитом иммуноферментным методом к спецкурсу "Современные методы иммунологии" _fМ-во здравоохранения СССР и др. _g[Подгот. В.М. Жданов и др.] |
|
| 210 |
_aМ. _cБ. и. _d1986 |
||
| 215 |
_a11 с. _d20 |
||
| 300 | _aВ надзаг. также: Каф. биохимии МГУ им. М.В. Ломоносова, Ин-т вирусологии им. Д.И. Ивановского АМН СССР, Ин-т прикл. молекуляр. биологии МЗ СССР | ||
| 300 | _aНа тит. л. 1-й коллектив. ошибочно: М-во высш. учеб. заведений СССР | ||
| 702 | 1 |
_aЖданов _bВ. М. _f1914- _gВиктор Михайлович _4570 |
|
| 712 | 0 | 1 |
_aСССР _bМ-во здравоохранения _3RU\NLR\AUTH\8810007906 |
| 801 | 0 |
_aRU _bNLR _gpsbo |
|
| 801 | 1 |
_aRU _bELAR _2rusmarc |
|
| 852 |
_aNLR _j88-4/1344 |
||
| 942 | _cBOOK | ||
| 980 | _aNB | ||